| 000 | 00372nam a22001097a 4500 | ||
|---|---|---|---|
| 005 | 20241017083432.0 | ||
| 008 | 241016b |||||||| |||| 00| 0 eng d | ||
| 245 | _a3 ways phoenix super lpg spreads the joy of cooking / | ||
| 260 |
_aPhilippines; _bPhilippine Graphic Publishing Inc., _cAugust 2019. |
||
| 300 |
_aVolume 20, pages 18-19, _billustration. |
||
| 942 |
_2ddc _cPER |
||
| 999 |
_c22592 _d22592 |
||